|
|
|
|
| LEADER |
00979nam a2200289Ia 4500 |
| 001 |
c000314057 |
| 003 |
CARM |
| 005 |
00000000000000.0 |
| 008 |
820218s1978 nyu 001 0 eng d |
| 019 |
1 |
|
|a 12438419
|5 LACONCORD2021
|
| 020 |
|
|
|a 091596225X
|
| 020 |
|
|
|a 9780915962259
|
| 035 |
|
|
|a (OCoLC)8168125
|5 LACONCORD2021
|
| 040 |
|
|
|a CFI
|c CFI
|
| 100 |
1 |
|
|a Adams, Ruth.
|
| 245 |
1 |
0 |
|a Improving your health with calcium and phosphorus /
|c by Ruth Adams and Frank Murray.
|
| 260 |
|
|
|a New York :
|b Larchmont Books,
|c 1978.
|
| 300 |
|
|
|a 121 p. ;
|c 18 cm.
|
| 490 |
0 |
|
|a Preventive health library series.
|
| 500 |
|
|
|a Includes index.
|
| 650 |
|
0 |
|a Calcium.
|
| 650 |
|
0 |
|a Phosphorus.
|
| 700 |
1 |
|
|a Murray, Frank.
|
| 852 |
8 |
|
|b CARM
|h A3:AB06G0
|i A05441
|p 0471062
|f BK
|
| 082 |
0 |
4 |
|a 612.3924
|
| 999 |
f |
f |
|i e8f0275b-8888-5534-a910-04fc80b66125
|s 7ebd3b59-4305-5ebe-afa5-d77a932211e7
|
| 952 |
f |
f |
|p Can circulate
|a CAVAL
|b CAVAL
|c CAVAL
|d CARM 1 Store
|e A05441
|f A3:AB06G0
|h Other scheme
|i book
|m 0471062
|